Подробности
| 000 -МАРКЕР |
| контрольное поле |
02400ncm0a2200409 4500 |
| 001 - ИДЕНТИФИКАТОР ЗАПИСИ |
| контрольное поле |
RU\NLR\ONIZ\304488 |
| 005 - ИДЕНТИФИКАТОР ВЕРСИИ |
| контрольное поле |
20250626025443.0 |
| 035 ## - ДРУГИЕ СИСТЕМНЫЕ НОМЕРА |
| Идентификатор записи |
(NLR Aleph) 022532755 |
| 071 20 - ИЗДАТЕЛЬСКИЙ НОМЕР |
| Номер, присвоенный агентством |
А. 55 Д. |
| 100 ## - ДАННЫЕ ОБЩЕЙ ОБРАБОТКИ |
| Данные общей обработки |
20240704d1913 |||y0rusy50 ca |
| 101 0# - ЯЗЫК РЕСУРСА |
| Язык текста, звукозаписи и т.д. |
русский |
| -- |
иврит |
| 102 ## - СТРАНА ПУБЛИКАЦИИ ИЛИ ПРОИЗВОДСТВА |
| Страна публикации |
Российская Федерация |
| 125 ## - ПОЛЕ КОДИРОВАННЫХ ДАННЫХ: ЗВУКОЗАПИСИ И НОТНЫЕ ИЗДАНИЯ |
| Форма изложения нотного текста |
a| |
| 145 0# - ПОЛЕ КОДИРОВАННЫХ ДАННЫХ: СРЕДСТВО ИСПОЛНЕНИЯ МУЗЫКАЛЬНОГО ПРОИЗВЕДЕНИЯ (УСТАРЕВШЕЕ) |
| Тип средства исполнения |
c |
| 200 1# - ЗАГЛАВИЕ И СВЕДЕНИЯ ОБ ОТВЕТСТВЕННОСТИ |
| Основное заглавие |
אהובתי |
| Общее обозначение материала |
Ноты |
| Сведения, относящиеся к заглавию |
"Owoi soiwu daas..." |
| -- |
canto, piano |
| Язык параллельного заглавия |
русский |
| Первые сведения об ответственности |
יוסף סטיצינסקי |
| Последующие сведения об ответственности |
שיד מאת א .ד. לפשיץ |
| Параллельное заглавие |
[Возлюбленная моя |
| Первые сведения об ответственности |
И. Стычинский |
| Последующие сведения об ответственности |
песня А. Д. Лифшиц] |
| 203 ## - ВИД СОДЕРЖАНИЯ И ТИП СРЕДСТВА |
| Вид содержания |
Музыка |
| Дополнительные сведения об издании |
|
| -- |
|
| Тип средства |
непосредственная |
| 210 ## - ПУБЛИКАЦИЯ, РАСПРОСТРАНЕНИЕ И ДР. |
| Место издания, распространения и т.д. |
В Саратове |
| Имя издателя, распространителя и т. д. |
издание и склад нот А. К. Дипнер |
| Место издания, распространения и т.д. |
С-кт Петербург |
| Имя издателя, распространителя и т. д. |
Н. Давингоф |
| Дата издания, распространения и т.д. |
[1913] |
| Имя изготовителя |
лит. В. Гроссе |
| Место изготовления |
Москва |
| 215 ## - ФИЗИЧЕСКАЯ ХАРАКТЕРИСТИКА |
| Специфическое обозначение материала и объем |
3 с. |
| Размеры |
34 см |
| 300 ## - ОБЩИЕ ПРИМЕЧАНИЯ |
| Текст примечания |
На тит. л.: Посвящаю Ф. Г. J. Стычинский |
| 313 ## - ПРИМЕЧАНИЯ, ОТНОСЯЩИЕСЯ К ТЕМАТИЧЕСКОМУ ДОСТУПУ |
| Текст примечания |
Систематизация документа проведена по изданию - Методика классифицирования музыкальных произведений (нотных изданий) по таблицам Библиотечно-библиографических классификаций : метод. рекомендации / Гос. б-ка СССР им. В.И. Ленина.- М., 1977. Индексу ББК методических рекомендаций присваивается код ББК для научных библиотек - LBC/SL |
| 500 00 - УНИФИЦИРОВАННОЕ ЗАГЛАВИЕ |
| Унифицированное заглавие |
Возлюбленная моя |
| Общее обозначение материала |
Ноты |
| 606 1# - НАИМЕНОВАНИЕ ТЕМЫ КАК ПРЕДМЕТ |
| Наименование темы |
Вокальная музыка еврейская |
| Географический подзаголовок |
Россия |
| -- |
19-20 вв. |
| Формальный подзаголовок |
Ноты |
| Код системы |
nlr_sh |
| 606 1# - НАИМЕНОВАНИЕ ТЕМЫ КАК ПРЕДМЕТ |
| Наименование темы |
Песни на иврите |
| Географический подзаголовок |
Россия |
| Хронологический подзаголовок |
19-20 в. |
| Формальный подзаголовок |
Ноты |
| Код системы |
nlr_sh |
| 620 ## - МЕСТО И ДАТА ПУБЛИКАЦИИ, ИСПОЛНЕНИЯ И Т. Д. |
| Город |
Саратов |
| Код системы |
nlr_sh1 |
| 620 ## - МЕСТО И ДАТА ПУБЛИКАЦИИ, ИСПОЛНЕНИЯ И Т. Д. |
| Город |
Санкт-Петербург |
| Код системы |
nlr_sh1 |
| 686 0# - ИНДЕКСЫ ДРУГИХ КЛАССИФИКАЦИЙ |
| Индекс |
Щ943.4-42-043.3(28) |
| 700 #1 - ИМЯ ЛИЦА - ПЕРВИЧНАЯ ОТВЕТСТВЕННОСТЬ |
| Системный номер авторитетной/нормативной записи |
z01790 |
| Начальный элемент ввода |
Стычинский |
| Часть имени, кроме начального элемента ввода |
И. Л. |
| Даты |
1896-1969 |
| Расширение инициалов личного имени |
Иосиф Лазаревич |
| Код отношения |
Композитор |
| Графика поля |
Кириллица |
| 790 #1 - ИМЯ ЛИЦА - АЛЬТЕРНАТИВНАЯ ФОРМА |
| Системный номер авторитетной/нормативной записи |
z01700 |
| Начальный элемент ввода |
Styčinsky |
| Часть имени, кроме начального элемента ввода |
I. L. |
| Даты |
1896-1969 |
| Расширение инициалов личного имени |
Iosif Lazarevič |
| Код отношения |
Композитор |
| Графика поля |
Латинская |
| 801 #0 - ИСТОЧНИК ЗАПИСИ |
| Страна |
Российская Федерация |
| Организация |
NLR |
| Дата составления |
20240704 |
| Правила каталогизации |
PSBO |
| 801 #1 - ИСТОЧНИК ЗАПИСИ |
| Страна |
Российская Федерация |
| Организация |
NLR |
| Дата составления |
20240704 |
| Источник данных |
rusmarc |
| 801 #2 - ИСТОЧНИК ЗАПИСИ |
| Страна |
Российская Федерация |
| Организация |
NLR |
| Дата составления |
20250416 |
| 852 ## - МЕСТОНАХОЖДЕНИЕ И ШИФР ХРАНЕНИЯ |
| Идентификатор организации |
NLR |
| Наименование фонда или коллекции (Sub-Location Identifier) |
М |
| Шифр хранения (Call Number) |
К-4/1170 |
| Страна |
|
| Номер экземпляра |
1 |
| 942 ## - ДОПОЛНИТЕЛЬНЫЕ ЭЛЕМЕНТЫ ЗАПИСИ (АБИС) |
| Тип экземпляра АБИС |
Ноты |
| 980 ## - КОЛЛЕКЦИЯ |
| Название коллекции |
Отдел нот и звукозаписей |
| 980 ## - КОЛЛЕКЦИЯ |
| Название коллекции |
Национальная библиография |